00993cam a2200253 a 450000100090000000300050000900500170001400800410003101000170007202000260008903800110011504000180012605000260014408200180017010000200018824500960020826000360030430000330034049000350037350000200040850502350042865000400066365000360070316044809NUST20190530051533.0100107s2010 njua 001 0 eng  a 2009052172 a9780470686027 (cloth) awaseem aDLCcDLCdDLC00aHG4515.15b.M663 201000a332.6019bMON1 aMontier, James.10aLittle book of behavioral investing :bhow not to be your own worst enemy /cJames Montier. aHoboken, N.J. :bWiley,cc2010. axv, 219 p. :bill. ;c19 cm.0 aLittle book big profits series aIncludes index.0 aIn the heat of the moment -- Who's afraid of the big bad market? -- Always look on the bright side of life -- Why does anyone listen to these guys? -- The folly of forecasting -- Information overload -- Turn off that bubblevision! 0aInvestmentsxPsychological aspects. 0aFinancexPsychological aspects.